000
00284nam a22001097a 4500
020
_a
9789380873442
082
_a
664.028
_b
RAM/FR
245
_a
Fruits and vegetable preservation
260
_a
Delhi
_b
Educational Publishers and Distributors
_c
2011
700
_a
Ramesh Chand
942
_c
BK
999
_c
13997
_d
13997